000 00318nam a2200121Ia 4500
008 190802s9999 xx 000 0 und d
020 _a978-81-317-0208-6
100 _aDezso Sima
245 0 _aAdvanced Computer Architectures a design space approach
260 _aUSA
_bPearson
_c2006
300 _a790:P
942 _cBK
999 _c2249
_d2249